000 00576nam a2200229Ia 4500
003 OSt
005 20220918194318.0
006 a|||||r|||| 00| 0
007 ta
008 220917b |||||||| |||| 00| 0 eng d
024 _a78,696
037 _cTextual
040 _aARTS
_cARTS
_beng
041 _2eng
_aeng
082 _aS0bL, H6
100 _aYellowlees Henry
_984299
245 0 _aHuman approach
_b a book for medical students
260 _c1946
650 _aPSYCHOLOGY
942 _hS0bL, H6
_cTEXL
_2CC
999 _c202493
_d202493